000 00665nam a2200217Ia 4500
001 76493
003 151699
005 20250909213357.0
008 ||||||n9999 ||| || ||
245 0 _aDocente directivo y poder institucional
562 _e1
650 0 _aCultura
_9144
650 0 _aDemocracia participativa
_94791
650 0 _aDocentes
_913652
650 0 _aEducación cívica
_958510
650 0 _aEDUCACIÓN POLÍTICA
_998157
650 _aESPECIALIZACIÓN EN GESTIÓN PÚBLICA--TESIS Y DISERTACIONES ACADÉMICAS
_911969
650 _aINSTITUCION DE ENSENANZA
_914258
650 _aTESIS Y DISERTACIONES ACADÉMICAS
_998158
942 _cTESIS
999 _c76493
_d76493